000
00204 a2200097 4500
020
_a
9788417079048
041
_a
spa
100
_a
Cabrera, Aleix
245
_a
La princesa criseta y su hamster
942
_c
BK
999
_c
30881
_d
30879